000 00661cab a2200241 4500
001 WB3233-21
008 090401t1996 xxu||||| |||| 00| 0 eng d
035 _a(Sirsi) u5562
041 _aeng
245 _aPrefabs and tower blocks to be listed
260 _c1996
350 _a0
490 _aBirmingham Post
_v3 September 1996, 5(1)
520 _aPrefabs and 1960s tower blocks have been recommended for preservation as national treasures.
650 _aENGLISH HERITAGE
650 _aGRADE II STATUS
650 _aLISTED BUILDINGS
650 _aPREFABS
650 _aTOWER BLOCKS
690 _aCONSERVATION
942 _n0
948 _c04/03/1997
999 _c3316
_d3316